| 000 | 01206nac a22003251i 4500 | ||
|---|---|---|---|
| 003 | EG-ScBUE | ||
| 005 | 20230528100849.0 | ||
| 008 | 230528t2006 enka f b 001 0 eng d | ||
| 020 | _a9780415363341 | ||
| 020 | _a0415363349 (pbk. : alk. paper) | ||
| 040 |
_aEG-ScBUE _beng _erda _cEG-ScBUE _dEG-ScBUE |
||
| 082 | 0 | 4 |
_a720.47 _bENV _222 |
| 245 | 0 | 0 |
_aEnvironmental design : _ban introduction for architects and engineers / _cedited by Randall Thomas, Max Fordham LLP. |
| 250 | _aThird edition. | ||
| 264 | 1 |
_aLondon ; _aNew York : _bTaylor & Francis, _c[2006] |
|
| 264 | 4 | _cc2006 | |
| 300 |
_axvi, 272 pages : _billustrations ; _c24 cm |
||
| 336 |
_2rdacontent _atext _btxt |
||
| 337 |
_2rdamedia _aunmediated _bn |
||
| 338 |
_2rdacarrier _avolume _bnc |
||
| 504 | _aIncludes bibliographical references and index. | ||
| 650 | 7 |
_aArchitecture _xEnvironmental aspects. _2BUEsh |
|
| 650 | 7 |
_aEnvironmental engineering. _2BUEsh |
|
| 650 | 7 |
_aCity planning. _2BUEsh |
|
| 650 | 7 |
_aEngineering design. _2BUEsh |
|
| 655 | _vReading book | ||
| 700 | 1 |
_aThomas, Randall, _eeditor. |
|
| 856 | 4 | 2 |
_3Publisher description _uhttp://www.loc.gov/catdir/enhancements/fy0654/2005049928-d.html |
| 942 |
_cBB _k720.47 ENV _2ddc |
||
| 999 |
_c8754 _d8754 |
||